Most Valuable NHL teams - Statistics

General Stats
  • This quiz has been taken 233 times
    225 since last reset
  • The average score is 5 of 10
Answer Stats
Number Value Team % Correct
1 $1.2 Billion New York Rangers
93%
3 $1.15 Billion Toronto Maple Leafs
82%
2 $1.18 Billion Montreal Canadiens
81%
5 $750 Million Boston Bruins
62%
4 $925 Million Chicago Blackhawks
62%
8 $600 Million Detroit Red Wings
38%
9 $580 Million Los Angeles Kings
32%
6 $745 Million Vancouver Canucks
32%
7 $660 Million Philadelphia Flyers
28%
10 $565 Million Washington Capitals
12%
No matching quizzes found
Score Distribution
Percent of People with Each Score
Percentile by Number Answered
Your Score History
You have not taken this quiz since the last reset